000 00566cam a22002291 4500
001 sa 65004196
003 DLC
005 20260227112129.0
008 941012s1963 ii 000 0 orio
010 _asa 65004196
025 _aPL480:I-O-447
035 _a(OCoLC)31273818
040 _aDLC
_cCU
_dCU
_dDLC
042 _apremarc
050 0 0 _aPK575
_b.D3
100 1 _aDas, Abhinna Chandra.
245 1 0 _aAlaṅkāra-śāstra prabeśa.
260 _c[1963]
300 _a3, 184 p.
_c18 cm.
500 _aIn Oriya.
650 0 _aSanskrit language
_xRhetoric.
999 _c63606
_d63606